| 000 | 00859nam a2200265 a 4500 | ||
|---|---|---|---|
| 001 | 57858 | ||
| 003 | BD-RjUL | ||
| 005 | 20211209080547.0 | ||
| 008 | 161212s2008 hk 000 0 eng | ||
| 020 | _a9789628314362 | ||
| 035 | _a(BD-RjUL)57982 | ||
| 040 |
_aDLC _cDLC _beng _dBD-RjUL |
||
| 041 | _aeng | ||
| 082 |
_223 _a320.95493 _bLAC 2008 |
||
| 090 | _aLCo | ||
| 100 | 1 | 0 |
_aLawrence, Patrick. _9171857 |
| 245 | 1 | 0 |
_aConversations in a failing state / _cPatrick Lawrence. |
| 260 |
_aHong Kong : _bAsian Human Rights Commission, _c2008. |
||
| 300 |
_a204 p. ; _c24 cm. |
||
| 520 | _aPolitical and social conditions of Sri Lanka; observations of a journalist. | ||
| 651 | 0 |
_aSri Lanka _xPolitics and government _y1978- _9171858 |
|
| 651 | 0 |
_aSri Lanka _xSocial conditions. _9171859 |
|
| 710 | 2 |
_aAsian Human Rights Commission. _9171860 |
|
| 942 |
_2ddc _cBK |
||
| 999 |
_c57858 _d57858 |
||